00262nam a2200109Ia 4500008004100000100002100041245003000062250001300092260002700105300001200132650000800144191201s2011 xx 000 0 und d aLEVIN, Richard I 0aStatistics for Management a12th IMP aN.DelhibPearsonc2011 a1026+90 aMBA